000 00796nam a2200253Ia 4500
003 OSt
005 20220926002528.0
006 a|||||r|||| 00| 0
007 ta
008 220923b |||||||| |||| 00| 0 eng d
020 _cRs 140.00
037 _b686, 22/10/1985, Sehgal
_cGeneral Book
040 _aRTL
_cRTL
_beng
041 _2eng
_aeng
082 _aY72B.2.N8, M5
100 _aDeleige Robert
_9306009
245 0 _aBhils of Western India
_b Some empirical and theoretical issues in Anthropology in India
260 _a New Delhi
_bNational
_c1985
300 _axv,192p
_ccm.
500 _aBibliography: p 164-85
650 _aTribal Sociology
942 _hY72B.2.N8, M5
_cGB
_2CC
999 _c605337
_d605337